00866cam a2200241 a 45000010008000000030010000080050017000180080041000350100017000760200025000930400018001180500022001360820015001581000019001732450087001922600048002793000029003275040064003566500053004206500070004736500064005437000017006074346806AMDFNDHEU20220326193253.0890912s1990 nyua b 001 0 eng  a 89051583  a0500235708 :c$24.95 aDLCcDLCdDLC00aNK1390b.D67 199000a729bD712a1 aDormer, Peter.14aThe meanings of modern design :btowards the twenty-first century /cPeter Dormer. aNew York, N.Y. :bThames and Hudson,c1990. a192 p. :bill. ;c24 cm. aIncludes bibliographical references (p. 184-187) and index. 0aDesignxHistoryy20th centuryxEconomic aspects. 0aDiseño-historia aspectos economicosxdiseño industrialyS. XX 0aIndustrial designxHistoryy20th centuryxEconomic aspects. aPeter Dormer